O traço e a traça (Record no. 174310)

MARC details
000 -LÍDER
campo de controle de tamanho fixo 00357 a2200169 4500
001 - NÚMERO DE CONTROLE
campo de controle 174310
020 ## - ISBN - INTERNATIONAL STANDARD BOOK NUMBER
ISBN - International Standard Book Number 85-262-6337-4
040 ## - FONTE DA CATALOGAÇÃO
Instituição que transcreveu o registro Magnum
100 ## - ENTRADA PRINCIPAL--NOME PESSOAL
Nome pessoal Murray, Roseana
240 10 - TÍTULO UNIFORME
Título uniforme O traço e a traça
Idioma da obra por
245 10 - TÍTULO
Título O traço e a traça
300 ## - DESCRIÇÃO FÍSICA
Extensão 32
362 0# - DATAS DE PUBLICAÇÃO E/OU DESIGNAÇÃO SEQUENCIAL
Datas de publicação e/ou designação sequencial 2006
440 #1 - DECLARAÇÃO DE SÉRIE/ENTRADA ADICIONADA--TÍTULO
Título Scipione
697 ## - ENTRADA DE ASSUNTO LOCAL--ENTIDADE COLETIVA (RLIN)
Nome corporativo ou nome da jurisdição LITERATURA INFANTO
942 ## - ELEMENTOS DE ENTRADA ADICIONADOS (KOHA)
Tipo de material Koha Livros
Holdings
Situação do descarte Situação das perdas Situação física Não pode ser emprestado Biblioteca de origem Biblioteca atual Data de aquisição Total de empréstimos Número de chamada completo Código de barras Data de último acesso Data do preço efetivo Tipo de material Koha
        Magnum Magnum 08/06/2024   869.1.742 MAG00022013 08/06/2024 08/06/2024 Livros
        Magnum Magnum 08/06/2024   869.1.742 MAG00022014 08/06/2024 08/06/2024 Livros
        Magnum Magnum 08/06/2024   869.1.742 MAG00022015 08/06/2024 08/06/2024 Livros
        Magnum Magnum 08/06/2024   869.1.742 MAG00022016 08/06/2024 08/06/2024 Livros